Normal view
MARC view
- Atiya Azim
Entry Personal Name
001 - CONTROL NUMBER
- control field: 99086
003 - CONTROL NUMBER IDENTIFIER
- control field: NUST
005 - DATE AND TIME OF LATEST TRANSACTION
- control field: 20221003095320.0
008 - FIXED-LENGTH DATA ELEMENTS
- fixed length control field: 221003|| aca||aabn | a|a d
040 ## - CATALOGING SOURCE
- Original cataloging agency: NUST
- Transcribing agency: NUST
100 ## - HEADING--PERSONAL NAME
- Personal name: Atiya Azim
670 ## - SOURCE DATA FOUND
- Source citation: Work cat.: (NUST)9253: Atiya Azim, A Loosely Coupled Decentralized and Autonomous Frameword for Grid Enabled Analysis Environment, 2004.
